000 01314nam a2200265Ia 4500
999 _c49397
_d49397
001 16317
003 GE_BSU
005 20200825114300.0
008 181216s2012ge xx |||||||||||||| ||geo||
020 _a 978-9941-10-564-7
040 _cGE_BSU
041 _ageo
080 _a341.226 გ-43
100 _aგეფერიძე, დავით.
_92831
245 _aსაერთაშორისო საჰაერო სამართალი /
_cდავით გეფერიძე ; სამეცნ. რედ. ლევან ალექსიძე ; რედ. ნელი ელიზბარაშვილი.
264 _aთბილისი :
_bმერიდიანი,
_c2012..
300 _a756 გვ >:
_c20 სმ.
504 _aბიბლიოგრ. ტექსტ. შენიშვნ.
546 _aტექსტი რუს. ენ.: გვ. 666-755.
653 _aსაერთაშორისო საჰაერო სამართალი
653 _aსამართალი
700 _aლექსიძე, ლევან
_eსამეცნიერო რედაქტორი
_99305
700 _4ელიზბარაშვილი, ნელი
_eრედაქტორი
_99306
942 _cBK
_2udc